Lista telefonica : zona sul : Maputo, Gaza, Inhambane.

Bibliographic Details
Format: Book
Published: Maputo: ListasTelefonicas de Mocambique, 2012.
Subjects:
LEADER 00569cam a2200157 7i4500
001 0000031140
005 20140317090000.0
090 0 0 |a MOZB 916.790452   |b LIS 
245 0 0 |a Lista telefonica :   |b zona sul : Maputo, Gaza, Inhambane. 
260 0 0 |a Maputo:   |b ListasTelefonicas de Mocambique,   |c 2012. 
300 # # |a 456 p. 
650 0 0 |a Business --   |x Directories --   |z Mozambique  
650 0 0 |a Telephone --   |x Directories --   |z Mozambique  
650 0 0 |a Yellow pages --   |x Directories --   |z Mozambique  
651 0 0 |a Mozambique  
999 |a 0000033241  |b Directories  |c Countries  |e Business Information Centre